[Event "Dortmund SuperGM 23rd"]
[Site "Dortmund"]
[Date "1995.07.15"]
[Round "2"]
[White "Short, Nigel D"]
[Black "Leko, Peter"]
[Result "1/2-1/2"]
[WhiteElo "2645"]
[BlackElo "2605"]
[Annotator "Von Gleich,A"]
[PlyCount "90"]
[EventDate "1995.07.14"]
[EventType "tourn"]
[EventRounds "9"]
[EventCountry "GER"]
[EventCategory "17"]
[SourceTitle "CBM 048"]
[Source "ChessBase"]
[SourceDate "1995.10.01"]
[SourceVersion "1"]
[SourceVersionDate "1995.10.01"]
[SourceQuality "1"]

1. e4 Nc6 2. Nf3 d6 3. d4 Nf6 4. Nc3 Bg4 5. Be3 e6 6. h3 Bh5 7. a3 $1 {Neu und
stark gemäß Leko.} Be7 8. Bd3 e5 (8... O-O 9. g4 Bg6 10. h4 d5 11. e5) 9. g4
Bg6 10. dxe5 dxe5 11. Qd2 h6 12. O-O-O a6 13. Qe1 Nd7 14. Bc4 Bd6 15. Rg1 Qe7
16. Nd5 Qf8 17. Nd2 O-O-O 18. f3 Nc5 19. Rf1 f6 (19... Ne6 $142) 20. b4 Nd7 (
20... Ne6 $2 21. Nb6+ cxb6 22. Bxe6+ Kc7 23. Qf2 $1 $18) 21. c3 $16 Bf7 22. Qe2
{schielt Richtung a6} Ncb8 {Traurige Notwendigkeit.} (22... h5 23. Bxa6 bxa6
24. Qxa6+ Kb8 25. Qxc6) 23. Bf2 h5 24. Nb3 hxg4 25. hxg4 b5 26. Bd3 c6 27. Na5
Qe8 28. Nb6+ $2 (28. Qe3 $1 {und ich bin pleite -Leko} cxd5 29. Qa7 Nc5 30.
bxc5 Rd7 31. Qa8 Bc7 32. Qb7+ Kd8 33. c6 $18) 28... Nxb6 29. Bxb6 Rd7 30. Bc2
Bc7 31. Qf2 Bxb6 32. Qxb6 Qd8 $1 {Durch die Hergabe eines P sichert sich
Schwarz ausreichendes Gegenspiel.} 33. Qxb8+ Kxb8 34. Nxc6+ Kc7 35. Nxd8 Rdxd8
(35... Rhxd8 $2 36. Rxd7+ Kxd7 37. Rh1) 36. Rxd8 Kxd8 37. Rf2 Rh1+ 38. Kb2 (38.
Kd2 Ra1) 38... Kc7 39. a4 Bc4 40. axb5 axb5 41. Bb3 Rf1 42. Rxf1 Bxf1 43. Kc1
g5 44. Kd2 Kb6 45. Ba2 Kc6 1/2-1/2

[Event "EU-chT (Men) 11th"]
[Site "Pula"]
[Date "1997.05.??"]
[Round "9.3"]
[White "Sax, Gyula"]
[Black "Urban, Klaudiusz"]
[Result "1-0"]
[WhiteElo "2545"]
[BlackElo "2490"]
[Annotator "Yudasin,L"]
[PlyCount "50"]
[EventDate "1997.05.05"]
[EventType "team-swiss"]
[EventRounds "9"]
[EventCountry "CRO"]
[SourceTitle "CBM 057 Extra"]
[Source "ChessBase"]
[SourceDate "1997.05.01"]
[SourceVersion "1"]
[SourceVersionDate "1997.05.01"]
[SourceQuality "1"]
[WhiteTeam "Hungary"]
[BlackTeam "Poland"]
[WhiteTeamCountry "HUN"]
[BlackTeamCountry "POL"]

1. e4 d6 2. d4 Nf6 3. Nc3 Nc6 4. Bg5 h6 $146 (4... g6 5. Qd2 (5. f4 $5) 5...
Bg7 6. O-O-O h6 7. Bh4 g5 8. Bg3 Nh5 9. Bb5 Bd7 10. Nge2 e6 11. Rhe1 O-O 12. f3
Nxg3 13. hxg3 a6 14. Bxc6 Bxc6 15. g4 b5 16. Ng3 b4 17. Nce2 a5 18. Rh1 Bb5 19.
Nh5 $16 {Almasi-Markowski,Odorheim,1992}) 5. Bh4 e5 $2 (5... g6 $5) 6. dxe5 $1
Nxe5 7. f4 $1 Ng6 8. Bg3 Be7 9. f5 $1 Ne5 10. Nf3 Nxf3+ (10... Nfd7 11. Qd2 {
[%cal Ge1c1]}) 11. Qxf3 Bd7 12. O-O-O $14 Bc6 13. Bb5 $1 Bxb5 14. Nxb5 Qd7 15.
Nc3 $6 (15. Nxd6+ $1 cxd6 16. e5 Ng8 (16... Nh7 17. f6 Bf8 18. exd6 Nxf6 (18...
O-O-O 19. Qc3+ Qc6 20. d7+ Rxd7 21. fxg7 $16) 19. Rhe1+ Kd8 20. Re7 Qg4 21.
Rxb7 Qxf3 22. gxf3 Nd7 23. Be1 $16) 17. f6 $1 gxf6 18. exd6 Bd8 (18... Bf8 19.
Rhe1+ Kd8 20. Re7 $18) 19. Rhe1+ Kf8 20. Re7 Qc6 21. Rxb7 Qxf3 22. gxf3 $36 {
[%csl Ra8,Rd8,Rg8,Rh8] o^d+c}) 15... Qc6 16. e5 $1 $14 Qxf3 17. gxf3 dxe5 (
17... Nh5 18. Nd5 $18) 18. Bxe5 c6 19. Rhg1 $1 Kf8 $2 (19... O-O 20. Ne4 $18) (
19... Nh5 $1 20. Bxg7 Nxg7 21. Rxg7 Bg5+ 22. Kb1 Kf8 23. f6 Bxf6 $11) 20. Bxf6
(20. Ne4 $1 $16) 20... Bxf6 21. Rd7 Bxc3 $1 22. bxc3 h5 $1 23. f6 $1 (23. Rxb7
Rh6 $11) 23... gxf6 24. Rxb7 Rg8 25. Re1 Kg7 $138 (25... Rg7 26. Ree7 Kg8 27.
Rec7 Re8 $14) 1-0